000 00593nam a22002057a 4500
003 BUBTL
008 220126b ||||| |||| 00| 0 eng d
020 _a9788132107422
082 _a336/ Sr38d/ 2012
100 _94494
_aD. K. Srivastava
245 _aDevelopment and Public Finance : Essays in Honour of Raja J. Chelliah
_bD. K. Srivastava
250 _a1st
260 _aNew Delhi
_bSAGE
_cc2012
300 _a[xvi], 341p. :
_bill. Table ; 25cm
500 _aIncludes Index
650 _aFinance
856 _k0
_l0
_yDownload
942 _2ddc
_cBK
999 _c6642
_d6642